1197 1449 1501 1661 1223 1747 1856 1943 1991 1574 1509 1033 1139 1386 1234 1433 1488 1254 1669 1001 1752 1046 1320 1371 1483 1570 1919 1414 1373 1825 1788 1037 1141 1266 1206 1703 1015 1565 1737 1646 1881 1212 1820 1858 1425 1799 1941 1489 1127 1892 1022 1292 1342 1373 1794 1298 1235 1474 1137 1247 1013 1776 1883 1035 1020 1344 1520 1080 1493 1941 1472 1962 1750 1762 1767 1449 1055 1735 1490 1949 1697 1553 1929 1078 1086 1708 1256 1265 1104 1893 1036 1653 1566 1029 1158 1566 1270 1071 1753 BCNSPRNW ULIB Ver.6.0+V

เปลี่ยนเป็นภาษาไทย

Change to English
 แสดงรายละเอียดบรรณานุกรม
  กลับหน้าหลัก

Brief Record : Get Marc (ISO 2709) : E-mail record : QR code < ปิดหน้าต่าง
LEADER : 00000nam 2200000uu 4500
001    13399111833
003     ULIB
008    110322s2550||||th 000 0 tha d
020    9789747306174
050  4 PE1271^bก975ก 2550
100 0  ไกรคุง อนัคฆกุล
245 00 กริยา 3 ช่อง และการใช้Tenses (รูปแบบใหม่)/^cไกรคุง อนัคฆกุล
260    กรุงเทพฯ:^bปัญญาชน,^c2550
300    171 หน้า :^bภาพประกอบ
650  7 ภาษาอังกฤษ^xกริยา
945    ^p75^l0^i027270
945    ^p75^l0^i027271
995    ทศพร
999 ^a ใช้งานได้ทุกระบบ
รายการนี้ยังไม่มีแท็ก
คุณยังไม่ได้ล็อกอิน คุณสามารถมีกิจกรรมร่วมกับเว็บไซต์ได้ แต่ต้องล็อกอินก่อน ::
  ล็อกอิน

รายการสื่อสารสนเทศ

ลำดับที่ ประเภท เลขเรียก/บาร์โค้ด สถานที่ สถานะ
- ไม่พบข้อมูล -

รายการใกล้เคียง
    ผู้แต่ง [ไกรคุง อนัคฆกุล]

BibComment


ยังไม่เคยถูกคอมเมนท์

คอมเมนท์ทรัพยากรรายการนี้
  คอมเมนท์: กริยา 3 ช่อง และก..


 Copyright 2026. Bcnsprnw @Library